000 00619nam a2200193Ia 4500
003 LDD
008 190117s9999 xx 000 0 und d
020 _a9788183611244
_c₹160
040 _cLDD
041 _ahi
082 _a8H3.7 शि6801चि
100 _aशिवानी
245 0 _aचिरस्वयंवरा
_cशिवानी
260 _aनई दिल्ली
_bराधाकृष्ण प्रकाशन
_c2007
300 _a131p.
901 _aKGP
904 _aReqst by : Jitendra Kumar Srivasta
942 _2ddc
_cH
999 _c171740
_d171740